[Event "Leicestershire County Championship"]
[Site "Wigston"]
[Date "2010.07.29"]
[Round "4"]
[White "Booley, Graham M"]
[Black "Tate, Michael J"]
[Result "0-1"]
[WhiteElo "1906"]
[BlackElo "1882"]
[PlyCount "170"]
[EventDate "2010.05.27"]
[EventType "swiss"]
[EventRounds "6"]
[EventCountry "ENG"]

1. e4 e5 2. Nf3 Nc6 3. Bb5 a6 4. Ba4 Nf6 5. Qe2 b5 6. Bb3 Be7 7. c3 d6 8. O-O
Na5 9. Bc2 c5 10. d3 Nc6 11. Re1 O-O 12. Nbd2 h6 13. h3 Nh7 14. Nf1 f5 15. exf5
Bxf5 16. Ng3 Bg6 17. Bb3+ Bf7 18. Nf5 Bf6 19. Bxf7+ Rxf7 20. Qe4 Ne7 21. Nxe7+
Bxe7 22. c4 b4 23. Nh2 Bg5 24. Ng4 Bxc1 25. Raxc1 Nf6 26. Nxf6+ Rxf6 27. Re3
Ra7 28. Rf3 Raf7 29. Rxf6 Qxf6 30. Rc2 Qd8 31. Re2 Rf4 32. Qd5+ Kh8 33. Re4 Rf8
34. Rg4 Qf6 35. f3 h5 36. Re4 Qe7 37. Qc6 a5 38. Qb6 a4 39. Qc6 a3 40. bxa3
bxa3 41. Qa6 Rb8 42. Qxa3 Qb7 43. Qc1 Qb1 44. Qxb1 Rxb1+ 45. Kf2 Rd1 46. Ke2
Rg1 47. Kf2 Rd1 48. Ke2 Ra1 49. f4 Rxa2+ 50. Kf3 exf4 51. Rxf4 Rd2 52. Rh4
Rxd3+ 53. Ke2 Rg3 54. Rxh5+ Kg8 55. Kf2 Rg6 56. Rd5 Kf7 57. Rd3 Ke6 58. Re3+
Kd7 59. g4 Kc6 60. Rd3 Rf6+ 61. Rf3 Rxf3+ 62. Kxf3 d5 63. cxd5+ Kxd5 64. Ke3 c4
65. h4 c3 66. Kd3 c2 67. Kxc2 Ke4 68. g5 Kf5 69. Kd3 Kg4 70. Ke4 Kxh4 71. Kf5
Kh5 72. Kf4 g6 73. Kf3 Kxg5 74. Kg3 Kf6 75. Kf3 g5 76. Kg4 Kg6 77. Kg3 Kh5 78.
Kh3 g4+ 79. Kg2 Kg5 80. Kg3 Kf5 81. Kg2 Kf4 82. Kf2 g3+ 83. Kg2 Kg4 84. Kf1 Kf3
85. Kg1 g2 0-1

[Event "Leicestershire County Championship"]
[Site "Wigston"]
[Date "2010.07.29"]
[Round "4"]
[White "Colburn, Paul"]
[Black "Hewitt, Sean D"]
[Result "1/2-1/2"]
[WhiteElo "2010"]
[BlackElo "1951"]
[PlyCount "87"]
[EventDate "2010.05.27"]
[EventType "swiss"]
[EventRounds "6"]
[EventCountry "ENG"]

1. Nf3 g6 2. e4 Bg7 3. d4 c5 4. c3 cxd4 5. cxd4 e6 6. Nc3 Ne7 7. Bf4 O-O 8. Qd2
d5 9. e5 Nbc6 10. Bb5 Bd7 11. O-O a6 12. Bxc6 Bxc6 13. Ne2 Bb5 14. Rfc1 Bxe2
15. Qxe2 Qd7 16. b4 Rac8 17. Rc5 Rxc5 18. bxc5 Nc6 19. a4 Qc7 20. Qb2 Rc8 21.
Rb1 Rb8 22. h4 Bf8 23. g4 Be7 24. g5 Bd8 25. Bd2 b6 26. cxb6 Rxb6 27. Qxb6 Qxb6
28. Rxb6 Bxb6 29. Bc3 Ba5 30. Bxa5 Nxa5 31. Kf1 Nc4 32. Ke2 a5 33. Nd2 Nb2 34.
Nb3 Nxa4 35. Nxa5 Nc3+ 36. Ke3 Nd1+ 37. Kf3 Nc3 38. Nb3 Nb5 39. Kg4 Na7 40. h5
Nc6 41. h6 Kf8 42. Kf3 Ke8 43. Ke3 Ne7 44. Kd3 1/2-1/2

[Event "Leicestershire County Championship"]
[Site "Wigston"]
[Date "2010.07.29"]
[Round "4"]
[White "Denton, John"]
[Black "Salisbury, Michael W"]
[Result "1/2-1/2"]
[WhiteElo "2146"]
[BlackElo "2097"]
[PlyCount "74"]
[EventDate "2010.05.27"]
[EventType "swiss"]
[EventRounds "6"]
[EventCountry "ENG"]

1. Nf3 d5 2. d4 Nf6 3. c4 e6 4. Nc3 c5 5. e3 Nc6 6. a3 cxd4 7. exd4 Be7 8. c5
O-O 9. Bd3 b6 10. b4 bxc5 11. bxc5 e5 12. dxe5 Ng4 13. O-O Ngxe5 14. Nxe5 Nxe5
15. Nxd5 Nxd3 16. Nxe7+ Qxe7 17. Qxd3 Qf6 18. Be3 Ba6 19. Qd4 Qxd4 20. Bxd4
Bxf1 21. Kxf1 Rfd8 22. Be3 Rab8 23. c6 Rbc8 24. Rc1 Rd6 25. c7 a6 26. Bf4 Re6
27. Rb1 f6 28. Rb8 Ree8 29. g4 Kf7 30. Kg2 Ke7 31. Rb6 Ra8 32. Kf3 Kd7 33. Rb7
Kc6 34. c8=Q+ Raxc8 35. Rxg7 Rh8 36. Rf7 Rcf8 37. Ra7 Ra8 1/2-1/2

[Event "Leicestershire County Championship"]
[Site "Wigston"]
[Date "2010.07.29"]
[Round "4"]
[White "Farrall, David J"]
[Black "Potter, Karl H"]
[Result "1-0"]
[WhiteElo "1855"]
[BlackElo "1897"]
[PlyCount "53"]
[EventDate "2010.05.27"]
[EventType "swiss"]
[EventRounds "6"]
[EventCountry "ENG"]

1. d4 d5 2. c4 e6 3. Nc3 c6 4. e3 Nf6 5. Nf3 Nbd7 6. Bd3 dxc4 7. Bxc4 b5 8. Bd3
a6 9. O-O c5 10. Qe2 Be7 11. Rd1 Qc7 12. e4 cxd4 13. Nxd4 Bb7 14. Bg5 O-O 15.
Rac1 Qe5 16. Nf3 Qb8 17. Bb1 Rd8 18. Bh4 Nb6 19. Bg3 Qa7 20. e5 Nfd5 21. Ne4
Rac8 22. Nd6 Bxd6 23. exd6 Nc4 24. Ng5 h6 25. Nxe6 Rd7 26. Nxg7 Nxd6 27. Rxc8+
1-0

[Event "Leicestershire County Championship"]
[Site "Wigston"]
[Date "2010.08.05"]
[Round "4"]
[White "Ganger, Rajan"]
[Black "Robinson, John K"]
[Result "0-1"]
[WhiteElo "1935"]
[BlackElo "2014"]
[PlyCount "100"]
[EventDate "2010.05.27"]
[EventType "swiss"]
[EventRounds "6"]
[EventCountry "ENG"]

1. e4 e5 2. Nf3 Nc6 3. Bb5 g6 4. O-O Bg7 5. c3 Nge7 6. d4 O-O 7. d5 a6 8. Be2
Nb8 9. d6 Nec6 10. Bg5 f6 11. Be3 cxd6 12. Qxd6 Kh8 13. c4 Re8 14. Nc3 Bf8 15.
Qd2 d6 16. Nd5 Nd7 17. b4 Ne7 18. Nc3 b6 19. Rfd1 Bb7 20. Bh6 Bxh6 21. Qxh6 Nc8
22. Nh4 Rg8 23. Bg4 Qf8 24. Qxf8 Nxf8 25. Nd5 Bxd5 26. Rxd5 h5 27. Bxc8 Rxc8
28. Rxd6 Rxc4 29. Rxb6 Rxe4 30. g3 Nd7 31. Rd6 Nb8 32. a3 Kg7 33. Rc1 Rf8 34.
Ng2 Rf7 35. Ne3 Rd4 36. Rb6 Rd8 37. Rd1 Rxd1+ 38. Nxd1 Rd7 39. Nc3 Rd8 40. Ne4
Rd1+ 41. Kg2 Nd7 42. Rxa6 f5 43. Ng5 e4 44. Ne6+ Kf7 45. Ng5+ Kg7 46. Rc6 Ne5
47. Rc2 Nd3 48. Ra2 Ne1+ 49. Kf1 Nf3+ 50. Ke2 Re1# 0-1

[Event "Leicestershire County Championship"]
[Site "Wigston"]
[Date "2010.07.29"]
[Round "4"]
[White "Horspool, Philip J"]
[Black "Byron, Alan M"]
[Result "0-1"]
[WhiteElo "2146"]
[BlackElo "2194"]
[PlyCount "114"]
[EventDate "2010.05.27"]
[EventType "swiss"]
[EventRounds "6"]
[EventCountry "ENG"]

1. e4 e6 2. d4 d5 3. Nc3 Bb4 4. e5 b6 5. Nf3 Bb7 6. Bd3 Nc6 7. O-O Qd7 8. Ne2
O-O-O 9. c3 Be7 10. b4 f5 11. a4 Nh6 12. a5 Nf7 13. axb6 axb6 14. Bb5 Rdg8 15.
Qa4 Nfd8 16. Bd2 g5 17. Rfc1 f4 18. Ne1 h5 19. c4 h4 20. Rc2 h3 21. Rac1 hxg2
22. cxd5 exd5 23. Bxc6 Nxc6 24. Rxc6 Kb8 25. e6 Qe8 26. Nxf4 Bd6 27. Nfxg2 Qxe6
28. R6c3 Bxh2+ 29. Kf1 Bf4 30. Be3 Qg4 31. f3 Rh1+ 32. Ke2 Qe6 33. Kd2 Re8 34.
b5 Rh2 35. Qa3 Bd6 36. Qb3 Qh3 37. Kc2 Rxg2+ 38. Nxg2 Qxg2+ 39. Kb1 Qxf3 40.
Bg1 Qf5+ 41. Qc2 Bc8 42. Qxf5 Bxf5+ 43. Kb2 Re2+ 44. Kb3 Bf4 45. Ra1 Bd7 46.
Ra2 Bxb5 47. Rxe2 Bxe2 48. Rc6 Bc4+ 49. Kc2 Bd6 50. Rxd6 cxd6 51. Be3 g4 52.
Kc3 Kc7 53. Kb4 Kd7 54. Kc3 Ke6 55. Bf4 Kf5 56. Bxd6 Ke4 57. Bc7 Kf3 0-1

[Event "Leicestershire County Championship"]
[Site "Wigston"]
[Date "2010.08.05"]
[Round "4"]
[White "Morley, Andrew J"]
[Black "Alvarez Jimenez, Alfonso"]
[Result "1-0"]
[WhiteElo "2058"]
[BlackElo "1862"]
[PlyCount "29"]
[EventDate "2010.05.27"]
[EventType "swiss"]
[EventRounds "6"]
[EventCountry "ENG"]

1. e4 c5 2. Nf3 d6 3. d4 cxd4 4. Nxd4 Nc6 5. Nc3 Nf6 6. Be2 g6 7. O-O Bg7 8.
Be3 O-O 9. Qd2 Ne5 10. h3 Re8 11. f4 Ned7 12. Rad1 Nc5 13. Bf3 e5 14. Ndb5 Ne6
15. fxe5 1-0

[Event "Leicestershire County Championship"]
[Site "Wigston"]
[Date "2010.08.19"]
[Round "5"]
[White "Bingham, James T"]
[Black "Booley, Graham M"]
[Result "0-1"]
[WhiteElo "1846"]
[BlackElo "1906"]
[PlyCount "76"]
[EventDate "2010.05.27"]
[EventType "swiss"]
[EventRounds "6"]
[EventCountry "ENG"]

1. d4 f5 2. g3 Nf6 3. c4 e6 4. Nf3 d6 5. Bg2 Be7 6. b4 O-O 7. O-O Qe8 8. Qb3 c6
9. a4 Nbd7 10. Ng5 Bd8 11. d5 cxd5 12. cxd5 e5 13. Ne6 Rf7 14. Nc3 Nf8 15. Ng5
Re7 16. Ba3 Qh5 17. h4 h6 18. Nh3 g5 19. f4 Bb6+ 20. Kh1 gxh4 21. Nb5 Ng4 22.
gxh4 Qxh4 23. Nxd6 Nf2+ 24. Rxf2 Bxf2 25. Nxc8 Rxc8 26. d6+ Re6 27. Bd5 Kg7 28.
fxe5 Rg6 29. Bg2 Rg3 30. Qxg3+ Bxg3 31. Bb2 Ne6 32. Rf1 Kg6 33. Rf3 Rc2 34. Bc3
Rc1+ 35. Rf1 Rxf1+ 36. Bxf1 Nf4 37. d7 Nxh3 38. d8=Q Ng5+ 0-1

[Event "Leicestershire County Championship"]
[Site "Wigston"]
[Date "2010.08.05"]
[Round "5"]
[White "Byron, Alan M"]
[Black "Salisbury, Michael W"]
[Result "1-0"]
[WhiteElo "2194"]
[BlackElo "2097"]
[PlyCount "65"]
[EventDate "2010.05.27"]
[EventType "swiss"]
[EventRounds "6"]
[EventCountry "ENG"]

1. e4 e6 2. d4 d5 3. e5 c5 4. c3 Nc6 5. Nf3 Bd7 6. a3 c4 7. Nbd2 Be7 8. Be2 f6
9. exf6 Bxf6 10. O-O Nge7 11. Re1 Ng6 12. Nf1 O-O 13. g3 Nge7 14. Ne3 Nf5 15.
Nxf5 exf5 16. h4 Ne7 17. Bf1 Ng6 18. h5 Nh8 19. Bg2 Bc6 20. Bf4 Nf7 21. Qd2 Nd6
22. Ng5 Qd7 23. Ne6 Rfe8 24. Nc5 Qd8 25. Rxe8+ Nxe8 26. Re1 Nd6 27. Bxd6 Qxd6
28. Re6 Qc7 29. Qe2 Rd8 30. h6 b6 31. Na6 Qb7 32. Nb4 Rc8 33. Rxc6 1-0

[Event "Leicestershire County Championship"]
[Site "Wigston"]
[Date "2010.08.19"]
[Round "5"]
[White "Hewitt, Sean D"]
[Black "Morley, Andrew J"]
[Result "1/2-1/2"]
[WhiteElo "1951"]
[BlackElo "2058"]
[PlyCount "71"]
[EventDate "2010.05.27"]
[EventType "swiss"]
[EventRounds "6"]
[EventCountry "ENG"]

1. e4 c5 2. Nf3 Nc6 3. Bb5 g6 4. Bxc6 bxc6 5. d3 Bg7 6. O-O d6 7. h3 e5 8. Nc3
Ne7 9. Nh2 O-O 10. Bd2 f5 11. exf5 Nxf5 12. Ne4 Nd4 13. Bg5 Qc7 14. Qd2 Ne6 15.
Bh6 Nf4 16. Bxg7 Kxg7 17. Ng4 Qe7 18. Qe3 Bd7 19. f3 Rae8 20. Rae1 h5 21. Ngf2
Rf7 22. c3 Bc8 23. b3 Ba6 24. g3 Nd5 25. Qe2 Ref8 26. c4 Nc7 27. Nd1 Ne6 28.
Qg2 Nd4 29. Nd2 Qg5 30. h4 Qf5 31. Re3 Bc8 32. Ne4 Qd7 33. Ng5 Rf6 34. Nc3 Re8
35. Nce4 Rff8 36. Rf2 1/2-1/2

[Event "Leicestershire County Championship"]
[Site "Wigston"]
[Date "2010.08.19"]
[Round "5"]
[White "Horspool, Philip J"]
[Black "Farrall, David J"]
[Result "1-0"]
[WhiteElo "2146"]
[BlackElo "1855"]
[PlyCount "59"]
[EventDate "2010.05.27"]
[EventType "swiss"]
[EventRounds "6"]
[EventCountry "ENG"]

1. e4 d6 2. d4 Nf6 3. Nc3 g6 4. Be2 Bg7 5. Be3 O-O 6. g4 c6 7. g5 Ne8 8. h4 b5
9. h5 a5 10. Qd2 Na6 11. f4 Nec7 12. Rd1 b4 13. Na4 Rb8 14. Bf3 f5 15. Qh2 Kf7
16. d5 cxd5 17. exd5 Nb5 18. Qf2 Qc7 19. Kf1 Qc4+ 20. Kg2 Qxa2 21. b3 Nc3 22.
Nxc3 bxc3 23. hxg6+ hxg6 24. Rh7 Kg8 25. Rh2 Rb4 26. Kh1 Nc5 27. Bd4 Ne4 28.
Bxe4 fxe4 29. Qh4 Rf7 30. Qh8+ 1-0

[Event "Leicestershire County Championship"]
[Site "Wigston"]
[Date "2010.08.19"]
[Round "5"]
[White "Potter, Karl H"]
[Black "Ganger, Rajan"]
[Result "1-0"]
[WhiteElo "1897"]
[BlackElo "1935"]
[PlyCount "105"]
[EventDate "2010.05.27"]
[EventType "swiss"]
[EventRounds "6"]
[EventCountry "ENG"]

1. e4 c6 2. d4 d5 3. e5 c5 4. dxc5 Nc6 5. Bb5 Qa5+ 6. Nc3 e6 7. Be3 Bd7 8. Nf3
Nxe5 9. Nxe5 Bxb5 10. Qh5 g6 11. Nxg6 Bg7 12. Ne5 O-O-O 13. O-O-O Be8 14. Qg5
Bh6 15. Qh4 Bxe3+ 16. fxe3 Qxc5 17. Qd4 Qxd4 18. exd4 f5 19. Rde1 Nf6 20. Ne2
Ne4 21. Nf4 Rd6 22. Re3 Rg8 23. Rf1 a6 24. Rh3 Rg7 25. Rh6 Bd7 26. Rf3 Be8 27.
Rfh3 Bg6 28. Nfxg6 hxg6 29. Rxg6 Rxg6 30. Nxg6 Rd8 31. Rh7 Re8 32. Kd1 Kb8 33.
Ke2 Rg8 34. Rh8 Rxh8 35. Nxh8 Kc7 36. Ng6 Kd6 37. Ne5 Ke7 38. Ke3 Kf6 39. h4 b5
40. Nd7+ Kg6 41. Nc5 Kh5 42. Nxe6 Kg4 43. h5 Kxh5 44. Nf4+ Kg4 45. Nxd5 Kg3 46.
Nf4 Nf2 47. Nh5+ Kxg2 48. Kf4 Ne4 49. Kxf5 Kf3 50. d5 Ke3 51. Nf6 Nc5 52. d6
Kd2 53. Ne4+ 1-0

[Event "Leicestershire County Championship"]
[Site "Wigston"]
[Date "2010.08.12"]
[Round "5"]
[White "Robinson, John K"]
[Black "Denton, John"]
[Result "0-1"]
[WhiteElo "2014"]
[BlackElo "2146"]
[PlyCount "128"]
[EventDate "2010.05.27"]
[EventType "swiss"]
[EventRounds "6"]
[EventCountry "ENG"]

1. d4 Nf6 2. c4 e6 3. Nf3 b6 4. g3 Ba6 5. b3 Bb4+ 6. Bd2 Be7 7. Bg2 c6 8. Nc3
d5 9. Ne5 Nfd7 10. Nxd7 Nxd7 11. cxd5 cxd5 12. O-O O-O 13. Re1 Nf6 14. Qc2 Rc8
15. Qb2 Qd7 16. Rac1 Rc6 17. Bf3 Rfc8 18. Nb1 h6 19. Rxc6 Rxc6 20. Rc1 Bb7 21.
Rxc6 Qxc6 22. Nc3 b5 23. h4 Qb6 24. Nd1 Nd7 25. Be3 Bf6 26. Qd2 a6 27. Bg2 Nb8
28. Bf4 Nc6 29. e3 Be7 30. h5 Bb4 31. Qe2 Be7 32. Nb2 Nb4 33. Nd3 Nxd3 34. Qxd3
Qc6 35. Qd2 b4 36. Kh2 Bc8 37. Qe2 a5 38. Bf1 Bd7 39. Bg2 a4 40. bxa4 Qxa4 41.
Bf1 Bf8 42. Kg1 Qa3 43. Kh2 Qc3 44. Bg2 Ba4 45. Qa6 Qc2 46. Qa8 Qc6 47. Qxc6
Bxc6 48. Bf1 Ba4 49. Bd3 Bd1 50. Kg2 Bxh5 51. f3 f6 52. Bb5 Bg6 53. Bd7 Kf7 54.
Ba4 Bb1 55. Bb3 Ke8 56. Kf2 Kd7 57. Ke2 Bd6 58. Bxd6 Kxd6 59. f4 h5 60. Kd2 g5
61. Kc1 Be4 62. Bd1 h4 63. gxh4 gxh4 64. Bg4 Bf5 0-1

[Event "Leicestershire County Championship"]
[Site "Wigston"]
[Date "2010.08.19"]
[Round "5"]
[White "Sharpe, Graham"]
[Black "Pattinson, John"]
[Result "0-1"]
[WhiteElo "2178"]
[BlackElo "1978"]
[PlyCount "138"]
[EventDate "2010.05.27"]
[EventType "swiss"]
[EventRounds "6"]
[EventCountry "ENG"]

1. e4 c5 2. Nf3 Nc6 3. Bb5 g6 4. Bxc6 bxc6 5. O-O Bg7 6. Re1 e5 7. c3 Qb6 8. d3
d6 9. Nbd2 Be6 10. Qc2 Ne7 11. Nc4 Qc7 12. b3 O-O 13. Bb2 Bxc4 14. dxc4 f5 15.
Rad1 Bh6 16. Bc1 Bxc1 17. Qxc1 f4 18. Rd3 Rf6 19. Red1 Raf8 20. Qd2 Nc8 21. b4
cxb4 22. cxb4 c5 23. b5 h6 24. h3 g5 25. Nh2 h5 26. f3 Rg6 27. a4 Rff6 28. a5
Qb7 29. Rb3 Rf7 30. Qd5 Qxd5 31. Rxd5 Rb7 32. Rd2 Kf7 33. Kf2 Ke6 34. Rd1 Rgg7
35. Nf1 g4 36. hxg4 hxg4 37. Nd2 g3+ 38. Ke2 Rh7 39. Nb1 Rh2 40. Rg1 Ne7 41.
Nd2 Nc8 42. Rbb1 Rbh7 43. Rbd1 Kd7 44. Nb1 Kc7 45. Nc3 R7h6 46. Rb1 Kb7 47. Rb2
Rh1 48. Rbb1 Rxg1 49. Rxg1 Ne7 50. Nd5 Nxd5 51. exd5 Rh2 52. Kd3 Rh5 53. Ke4
Kc7 54. Rb1 Kb7 55. b6 a6 56. Rb2 Rg5 57. Rb3 Rh5 58. Rb1 Rh2 59. Rg1 Rh5 60.
Re1 Rh2 61. Kf5 Rxg2 62. Ke6 Rh2 63. Kxd6 g2 64. Rg1 e4 65. Kxc5 exf3 66. Re1
Rh7 67. d6 f2 68. Re7+ Rxe7 69. dxe7 g1=Q 0-1

[Event "Leicestershire County Championship"]
[Site "Wigston"]
[Date "2010.08.19"]
[Round "5"]
[White "Tate, Michael J"]
[Black "Colburn, Paul"]
[Result "1-0"]
[WhiteElo "1882"]
[BlackElo "2010"]
[PlyCount "81"]
[EventDate "2010.05.27"]
[EventType "swiss"]
[EventRounds "6"]
[EventCountry "ENG"]

1. e4 Nf6 2. e5 Nd5 3. d4 d6 4. c4 Nb6 5. exd6 cxd6 6. Nc3 g6 7. Be3 Bg7 8. Bd3
Nc6 9. Nge2 d5 10. c5 Nd7 11. O-O Nf8 12. f4 Bg4 13. h3 Bxe2 14. Nxe2 e6 15.
Bb5 Nd7 16. Rb1 O-O 17. Bxc6 bxc6 18. b4 Qc7 19. Nc3 a5 20. b5 Nxc5 21. b6 Qe7
22. dxc5 Bxc3 23. Qd3 Bg7 24. Rb3 Qb7 25. Rfb1 Rfd8 26. Bd4 f6 27. Re1 Re8 28.
Qg3 Qa6 29. b7 Rab8 30. Rb6 Qc4 31. Bf2 d4 32. Rxc6 Rxb7 33. Qf3 Rb5 34. Rd6
Rxc5 35. Rxd4 Qxa2 36. Rd7 Rb5 37. Qc6 Rb2 38. Qc7 Bf8 39. Rxh7 e5 40. Rh4 Qf7
41. Rh8+ 1-0

[Event "Leicestershire County Championship"]
[Site "Wigston"]
[Date "2010.09.09"]
[Round "6"]
[White "Booley, Graham M"]
[Black "Sharpe, Graham"]
[Result "0-1"]
[WhiteElo "1906"]
[BlackElo "2178"]
[PlyCount "33"]
[EventDate "2010.05.27"]
[EventType "swiss"]
[EventRounds "6"]
[EventCountry "ENG"]

1. e4 c6 2. d4 d5 3. e5 c5 4. c3 Nc6 5. Nf3 Bg4 6. Be2 e6 7. Be3 Qb6 8. b3 cxd4
9. Nxd4 Bxe2 10. Nxe2 Bc5 11. Bd4 Nge7 12. O-O O-O 13. Kh1 Nf5 14. Bxc5 Qxc5
15. g4 Nh6 16. f4 Nxg4 17. Rf3 0-1

[Event "Leicestershire County Championship"]
[Site "Wigston"]
[Date "2010.09.09"]
[Round "6"]
[White "Colburn, Paul"]
[Black "Pattinson, John"]
[Result "1-0"]
[WhiteElo "2010"]
[BlackElo "1978"]
[PlyCount "53"]
[EventDate "2010.05.27"]
[EventType "swiss"]
[EventRounds "6"]
[EventCountry "ENG"]

1. e4 c5 2. Nc3 Nc6 3. Bb5 e5 4. Nf3 d6 5. O-O Nf6 6. d3 Be7 7. Nh4 Nxe4 8.
dxe4 Bxh4 9. f4 O-O 10. f5 a6 11. Bc4 Rb8 12. a4 Nd4 13. Bd5 Bd7 14. Rb1 Bc6
15. Qg4 Kh8 16. Qh5 Bxd5 17. Nxd5 Nxc2 18. f6 Bxf6 19. Nxf6 gxf6 20. Rf3 Qa5
21. Bh6 Rg8 22. Rh3 Qb4 23. Qxf7 Rxg2+ 24. Kxg2 Qxe4+ 25. Kf2 Qd4+ 26. Be3 Qe4
27. Qxf6+ 1-0

[Event "Leicestershire County Championship"]
[Site "Wigston"]
[Date "2010.09.16"]
[Round "6"]
[White "Denton, John"]
[Black "Byron, Alan M"]
[Result "1-0"]
[WhiteElo "2146"]
[BlackElo "2194"]
[PlyCount "80"]
[EventDate "2010.05.27"]
[EventType "swiss"]
[EventRounds "6"]
[EventCountry "ENG"]

1. b3 e5 2. Bb2 d6 3. e3 f5 4. d3 Nf6 5. Nd2 g6 6. g3 Bg7 7. Bg2 O-O 8. Ne2 c6
9. O-O Be6 10. c4 Nbd7 11. b4 d5 12. cxd5 cxd5 13. Nf3 Ne8 14. d4 e4 15. Ne5 g5
16. h4 h6 17. hxg5 hxg5 18. f4 g4 19. Kf2 Nd6 20. Rh1 a5 21. bxa5 Rxa5 22. Rh4
Nc4 23. Bc3 Rb5 24. a4 Ndxe5 25. dxe5 Nb2 26. Qd2 Nd3+ 27. Kg1 Rc5 28. Nd4 Qd7
29. Bf1 Rfc8 30. Ra3 Rc4 31. Bxd3 exd3 32. Qxd3 Bf8 33. Rb3 Qxa4 34. Rxg4+ Kf7
35. Rxb7+ Ke8 36. Nxe6 Rxc3 37. Rg8 Rc1+ 38. Kf2 R8c2+ 39. Kf3 Qe4+ 40. Qxe4
dxe4# 1-0

[Event "Leicestershire County Championship"]
[Site "Wigston"]
[Date "2010.09.09"]
[Round "6"]
[White "Farrall, David J"]
[Black "Tate, Michael J"]
[Result "0-1"]
[WhiteElo "1855"]
[BlackElo "1882"]
[PlyCount "66"]
[EventDate "2010.05.27"]
[EventType "swiss"]
[EventRounds "6"]
[EventCountry "ENG"]

1. Nf3 d5 2. d4 Nf6 3. Bg5 Bf5 4. e3 h6 5. Bxf6 exf6 6. Bd3 Qd7 7. O-O Be7 8.
Nc3 c6 9. Re1 O-O 10. e4 dxe4 11. Bxe4 Bb4 12. Qd3 Bxe4 13. Rxe4 Na6 14. Rae1
Rae8 15. a3 Bxc3 16. bxc3 Nc7 17. c4 Re6 18. Nd2 Rfe8 19. Kf1 R6e7 20. c5 Ne6
21. Nc4 Nf4 22. Qf3 Nd5 23. Nd6 Rxe4 24. Rxe4 Re6 25. c4 Ne7 26. Rxe6 Qxe6 27.
Qb3 b6 28. cxb6 axb6 29. Nb7 Qe4 30. Qe3 Qb1+ 31. Ke2 Qc2+ 32. Kf3 Qf5+ 33. Kg3
Qd7 0-1

[Event "Leicestershire County Championship"]
[Site "Wigston"]
[Date "2010.09.09"]
[Round "6"]
[White "Morley, Andrew J"]
[Black "Horspool, Philip J"]
[Result "1-0"]
[WhiteElo "2058"]
[BlackElo "2146"]
[PlyCount "119"]
[EventDate "2010.05.27"]
[EventType "swiss"]
[EventRounds "6"]
[EventCountry "ENG"]

1. e4 e5 2. Nf3 Nc6 3. Bc4 Nf6 4. Ng5 d5 5. exd5 Na5 6. Bb5+ c6 7. dxc6 bxc6 8.
Qf3 h6 9. Ne4 Nd5 10. Bd3 Be7 11. Ng3 g6 12. O-O O-O 13. c3 Be6 14. Bc2 Nf4 15.
d4 f5 16. dxe5 Nd5 17. Nd2 Qd7 18. Nb3 Nc4 19. Qe2 f4 20. Qxc4 fxg3 21. Qd4
gxf2+ 22. Rxf2 Rxf2 23. Kxf2 Rf8+ 24. Kg1 Bd8 25. Nc5 Qf7 26. Bxh6 Re8 27. Rf1
Qh7 28. Nxe6 Bb6 29. Nc5 Qxh6 30. b4 Ne3 31. Bb3+ Nd5 32. Bxd5+ cxd5 33. Qxd5+
Kh8 34. Qd4 Qg5 35. e6+ Kg8 36. Qf2 Qe7 37. Qf7+ Kh8 38. Qxe7 Rxe7 39. Rf8+ Kg7
40. Rf7+ Rxf7 41. exf7 Kxf7 42. Kf2 Kf6 43. Kf3 Bc7 44. h3 Ke5 45. a4 Kd5 46.
Ne4 a6 47. Ke3 Bh2 48. Kd3 Bf4 49. Nd2 Bg3 50. Nf3 Bf4 51. c4+ Kc6 52. Kd4 Bg3
53. c5 Kb7 54. Kd5 Kc7 55. b5 Kb7 56. Nd2 Bf4 57. Nc4 axb5 58. axb5 Kc7 59. Nd6
Kd7 60. b6 1-0

[Event "Leicestershire County Championship"]
[Site "Wigston"]
[Date "2010.09.16"]
[Round "6"]
[White "Potter, Karl H"]
[Black "Robinson, John K"]
[Result "1/2-1/2"]
[WhiteElo "1897"]
[BlackElo "2014"]
[PlyCount "111"]
[EventDate "2010.05.27"]
[EventType "swiss"]
[EventRounds "6"]
[EventCountry "ENG"]

1. e4 d6 2. d4 g6 3. f4 Bg7 4. Nf3 Nf6 5. Nc3 O-O 6. Bd3 Bg4 7. h3 Bxf3 8. Qxf3
Nc6 9. Be3 e5 10. dxe5 dxe5 11. f5 Nd4 12. Bxd4 exd4 13. Ne2 Re8 14. O-O c5 15.
fxg6 hxg6 16. Rae1 Qc7 17. Qf4 Rac8 18. Qxc7 Rxc7 19. b3 a6 20. Nf4 Re5 21. Bc4
Rxe4 22. Nxg6 b5 23. Rxe4 Nxe4 24. Bd3 Nc3 25. Nf4 c4 26. bxc4 bxc4 27. Be2 Bh6
28. Bg4 Re7 29. Nh5 Be3+ 30. Kh2 a5 31. Rf5 a4 32. Nf6+ Kf8 33. Nh7+ Ke8 34.
Nf6+ Kd8 35. Rc5 Rc7 36. Ra5 Ke7 37. Nd5+ Nxd5 38. Rxd5 Ra7 39. Rc5 c3 40. Kg3
Kd6 41. Rc8 Rc7 42. Rxc7 Kxc7 43. Bf5 Kd6 44. Kf3 Ke5 45. Bd7 a3 46. Bb5 f6 47.
Bd3 Bc1 48. Kg4 Be3 49. Kh5 Bf2 50. g4 Be3 51. h4 Bd2 52. Kg6 Kf4 53. g5 fxg5
54. hxg5 Kg4 55. Be2+ Kh4 56. Kf5 1/2-1/2

[Event "Leicestershire County Championship"]
[Site "Wigston"]
[Date "2010.09.09"]
[Round "6"]
[White "Salisbury, Michael W"]
[Black "Hewitt, Sean D"]
[Result "1-0"]
[WhiteElo "2097"]
[BlackElo "1951"]
[PlyCount "115"]
[EventDate "2010.05.27"]
[EventType "swiss"]
[EventRounds "6"]
[EventCountry "ENG"]

1. e4 e5 2. Nf3 Nc6 3. Bc4 Nf6 4. d3 Be7 5. O-O d6 6. c3 O-O 7. Bb3 Na5 8. Bc2
c5 9. d4 Qc7 10. d5 b5 11. Nbd2 Rb8 12. Nb3 Nc4 13. Nfd2 Nxd2 14. Nxd2 Bg4 15.
Qe1 Nh5 16. Bd1 Bxd1 17. Qxd1 Nf4 18. Nf3 Qd7 19. Re1 Qg4 20. Bxf4 Qxf4 21. Qd2
Qxd2 22. Nxd2 f5 23. Nb3 Bd8 24. Nd2 f4 25. c4 Ba5 26. Red1 Bxd2 27. Rxd2 bxc4
28. Rc1 Rb4 29. a3 c3 30. Rxc3 Rxe4 31. f3 Ra4 32. Rb3 Ra6 33. Rb7 g5 34. Rd3
Rb6 35. Rxb6 axb6 36. Rb3 Rb8 37. Rb5 Kf7 38. a4 Ke7 39. a5 Kd7 40. axb6 Kc8
41. Kf2 Kb7 42. Ke2 Ka6 43. Rb3 Rxb6 44. Ra3+ Kb7 45. Kd3 Rb4 46. Kc2 Rc4+ 47.
Kd2 h5 48. Rb3+ Rb4 49. Rxb4+ cxb4 50. Kd3 Kb6 51. Kc4 b3 52. h3 Ka5 53. Kxb3
Kb5 54. Kc3 Kc5 55. Kd3 Kxd5 56. b4 Kc6 57. Ke4 d5+ 58. Kxe5 1-0